RIBA book of 20th century British housing. (Record no. 100016)

MARC details
000 -LEADER
fixed length control field 00775cam a2200193 4500
008 - FIXED-LENGTH DATA ELEMENTS--GENERAL INFORMATION
fixed length control field 000000n1999 000 0 eng u
020 ## - INTERNATIONAL STANDARD BOOK NUMBER
International Standard Book Number 0750630744
035 ## - SYSTEM CONTROL NUMBER
System control number (Sirsi) u101136
041 ## - LANGUAGE CODE
Language code of text/sound track or separate title eng
100 ## - MAIN ENTRY--PERSONAL NAME
Personal name Colquhoun, Ian
245 ## - TITLE STATEMENT
Title RIBA book of 20th century British housing.
260 ## - PUBLICATION, DISTRIBUTION, ETC.
Place of publication, distribution, etc. London
Name of publisher, distributor, etc. Butterworth Heineman
Date of publication, distribution, etc. 1999
300 ## - PHYSICAL DESCRIPTION
Extent 358p. ill. ; 25cm.
350 ## - PRICE (NR) (BK AM CF MU VM SE) [OBSOLETE]
Price 24.99
520 ## - SUMMARY, ETC.
Summary, etc. A key resource for practitioners in housing development and architecture, offering a guide to significant housing schemes built in Britain during this century. It follows the evolution of housing development over the past ten decades, right up to contemporary housing schemes and estate regeneration.
650 ## - SUBJECT ADDED ENTRY--TOPICAL TERM
Topical term or geographic name entry element HOUSING
690 ## - LOCAL SUBJECT ADDED ENTRY--TOPICAL TERM (OCLC, RLIN)
Topical term or geographic name as entry element ARCHITECTURE
942 ## - ADDED ENTRY ELEMENTS (KOHA)
Suppress in OPAC 0
Holdings
Withdrawn status Lost status Source of classification or shelving scheme Damaged status Not for loan Home library Current library Shelving location Date acquired Total Checkouts Full call number Barcode Date last seen Date last checked out Copy number Price effective from Koha item type
    Dewey Decimal Classification     London London Books 01/11/1999 9 720.9 COL 30059111 06/08/2019 22/07/2005 1 06/08/2019 Book